[Event "11th Kesarovski-Stanchev Mem"]
[Site "Sunny Beach BUL"]
[Date "2012.09.06"]
[Round "6.10"]
[White "Jasny,S"]
[Black "Petrov,Marij"]
[Result "1/2-1/2"]
[WhiteElo "2296"]
[BlackElo "2511"]

1.e4 g6 2.d4 Bg7 3.Nc3 d6 4.Be3 Nf6 5.Qd2 c6 6.h3 O-O 7.Nf3 Nbd7 8.a4 e5
9.dxe5 dxe5 10.Bc4 Qe7 11.O-O Nc5 12.Bxc5 Qxc5 13.Bb3 Nd7 14.Rfd1 Qb4 15.Nd5 Qd6
16.Nc3 Qxd2 17.Rxd2 Nc5 18.Bc4 Be6 19.Bxe6 Nxe6 20.Rad1 Nd4 21.Nxd4 exd4
22.Ne2 Rfe8 23.Nxd4 Rxe4 24.b3 a5 25.Kf1 Rae8 26.c4 Bf8 27.Re2 Rxe2 28.Nxe2 Rb8
29.Nc3 Bb4 30.Ne4 Kf8 31.Rd7 Re8 32.Nd2 Re7 33.Rxe7 Kxe7 34.Ke2 Bxd2 35.Kxd2 Kd6
36.Kd3 Kc5 37.Kc3 h6 38.h4 h5 39.f3 f6 40.f4 f5 41.g3 b5 42.cxb5 cxb5 43.axb5 Kxb5
44.Kc2 Kc5 45.Kc3  1/2-1/2

[Event "11th Kesarovski-Stanchev Mem"]
[Site "Sunny Beach BUL"]
[Date "2012.09.06"]
[Round "6.3"]
[White "Yarmysty,M"]
[Black "Bratanov,Z"]
[Result "1-0"]
[WhiteElo "2363"]
[BlackElo "2444"]

1.e4 g6 2.d4 Bg7 3.Nc3 d6 4.h3 Nf6 5.g4 h5 6.g5 Nfd7 7.Bg2 c5 8.d5 b5 9.Nxb5 Qa5+
10.Nc3 Bxc3+ 11.bxc3 Ba6 12.Ne2 Bxe2 13.Kxe2 Na6 14.f4 Qxc3 15.Rb1 Nb4 16.Bb2 Qc4+
17.Kf3 O-O 18.c3 Nd3 19.Bf1 N3e5+ 20.fxe5 Nxe5+ 21.Ke3 Qxa2 22.Be2 a5 23.c4 Nxc4+
24.Bxc4 Qxc4 25.Qd3 Qa4 26.Ra1 Qd7 27.Qc3 f6 28.Raf1 Kh7 29.gxf6 e5 30.dxe6 Qxe6
31.f7 Rxf7 32.Rxf7+ Qxf7 33.Rf1 Qd7 34.Qb3 Kh6 35.Qf7 Qxf7 36.Rxf7 Rb8 37.Bg7+ Kh7
38.Bc3+ Kg8 39.Rd7 Rb6 40.Bxa5 Ra6 41.Bc3 Kf8 42.h4  1-0

[Event "11th Kesarovski-Stanchev Mem"]
[Site "Sunny Beach BUL"]
[Date "2012.09.06"]
[Round "6.13"]
[White "Mammadov,A"]
[Black "Berezovics,A"]
[Result "1/2-1/2"]
[WhiteElo "2403"]
[BlackElo "2199"]

1.e4 d6 2.d4 g6 3.Nc3 Bg7 4.g3 Nf6 5.Bg2 O-O 6.Nge2 e5 7.O-O Nc6 8.dxe5 dxe5
9.Bg5 Nd4 10.Nxd4 Qxd4 11.Qxd4 exd4 12.Nb5 c6 13.Nd6 h6 14.Bf4 Rd8 15.Nxc8 Raxc8
16.Rad1 c5 17.Rfe1 Nd7 18.Bh3 Rc6 19.Bc1 c4 20.f4 Nc5 21.e5 f6 22.b3 fxe5
23.fxe5 b5 24.bxc4 bxc4 25.Ba3 Bf8 26.Re2  1/2-1/2

[Event "11th Istanbul Open A"]
[Site "Istanbul TUR"]
[Date "2012.09.07"]
[Round "8"]
[White "Karpatchev,A"]
[Black "Othman,AM"]
[Result "1-0"]
[WhiteElo "2456"]
[BlackElo "2312"]

1.e4 g6 2.d4 Bg7 3.Nc3 d6 4.f4 Nf6 5.Nf3 c5 6.Bb5+ Bd7 7.e5 Ng4 8.Bxd7+ Qxd7
9.d5 dxe5 10.h3 e4 11.hxg4 Bxc3+ 12.bxc3 exf3 13.Qxf3 Qa4 14.O-O h5 15.Rb1 hxg4
16.Qxg4 Nd7 17.Rxb7 O-O-O 18.Rb3 Qe4 19.c4 Qxc4 20.Qf3 Nb6 21.Bb2 Rh5 22.d6 Rxd6
23.Be5 Rd5 24.Rd1 e6 25.Rc3 Qb4 26.a3 Qa5 27.Rcd3 c4 28.Rxd5 exd5 29.Qe3 Kb7
30.Bd4 Qb5 31.a4 Qxa4 32.Rb1 Qc6 33.Qe7+ Qc7 34.Qe3 Qc6 35.Qa3 Qc7 36.Ra1 Ka8
37.Qa5 Kb8 38.g3 Qb7 39.Qc5 f5 40.Qd6+ Qc7 41.Qxc7+ Kxc7 42.Rxa7+ Kc6 43.Ra6 g5
44.Rxb6+ Kd7 45.c3  1-0

[Event "6th Hum na Sutli Open"]
[Site "Hum na Sutli CRO"]
[Date "2012.09.08"]
[Round "2.1"]
[White "Martinovic,Sa"]
[Black "Samovojska,D"]
[Result "1-0"]
[WhiteElo "2517"]
[BlackElo "2201"]

1.d4 g6 2.e4 Bg7 3.Nc3 d6 4.Be3 c6 5.Qd2 b5 6.O-O-O a5 7.Kb1 b4 8.Na4 Ba6
9.Bxa6 Nxa6 10.Ne2 Nf6 11.f3 Nd7 12.Bh6 Bxh6 13.Qxh6 Nb6 14.Qg7 Rf8 15.Nxb6 Qxb6
16.Qxh7 Nc7 17.Qh6 a4 18.Qd2 Kd7 19.c4 bxc3 20.Nxc3 Rfb8 21.Rc1 Qb4 22.Rhd1 Ra6
23.Ka1 Rab6 24.Rc2 Qa5 25.Rdc1 Rb4 26.Nb1 Qb6 27.Rxc6 Qxc6 28.Rxc6 Kxc6 29.d5+ Kd7
30.Qc2 Nb5 31.Qd2 Nd4 32.Nc3 Ke8 33.Kb1 Kf8 34.h4 a3 35.b3 Nxb3 36.axb3 Rxb3+
37.Ka1 Rb2 38.Qd4 Kg8 39.g4 R8b4 40.Qd3 a2 41.Nxa2 R4b3 42.Qd1 Rb8 43.h5 gxh5
44.gxh5 Rg2 45.Qf1 Rbb2 46.Nc1 Rbf2 47.Qd1 Rd2 48.Qe1 Kh7 49.Kb1 Rb2+ 50.Ka1 Rbd2
51.f4 Kh6 52.Kb1 Rb2+ 53.Ka1 Rbd2 54.e5 Rxd5 55.e6 f5 56.Nb3 Rd3 57.Qf1 Rdg3
58.Qb5 Kxh5 59.Qxf5+ Kh6 60.Qf8+ Kh5 61.Qf5+ Kh6 62.Qf8+ Kh5 63.Nd4 Rd2 64.Qf7+ Kg4
65.Qf5+ Kh4 66.Qh7+ Kg4 67.Qg6+ Kh3 68.Qh5+ Kg2 69.Nf5 Rgd3 70.Nxe7 Rh3 71.Qg4+ Rg3
72.Qh4 Rgd3 73.Qg5+ Kf3 74.f5 Ke2 75.Qg4+ Ke3 76.Qg5+ Ke2 77.Qh5+ Ke3 78.Qh3+ Ke2
79.Qg2+ Kd1 80.Qg4+ Kc2 81.Qc4+ Rc3 82.Qa4+ Rb3 83.Nc6 Kc3 84.Qa5+ Kd3 85.e7 Rd1+
86.Ka2 Rdb1 87.Qd5+  1-0

[Event "9th LGA Premium Cup"]
[Site "Nuernberg GER"]
[Date "2012.09.08"]
[Round "5.48"]
[White "Baskin,R"]
[Black "Safyanowsky,M"]
[Result "1/2-1/2"]
[WhiteElo "2070"]
[BlackElo "2249"]

1.e4 g6 2.d4 Bg7 3.Nc3 d6 4.f4 a6 5.Nf3 Nd7 6.Bd3 c5 7.Be3 cxd4 8.Nxd4 Ngf6
9.Nb3 b5 10.O-O Bb7 11.a3 Rc8 12.Qe1 O-O 13.Bd2 Qc7 14.Qh4 Nb6 15.Rab1 Nc4
16.Rf3 Nxd2 17.Nxd2 Qc5+ 18.Kh1  1/2-1/2

[Event "9th LGA Premium Cup"]
[Site "Nuernberg GER"]
[Date "2012.09.08"]
[Round "5.74"]
[White "Mehringer,Joerg"]
[Black "Fiedler,W1"]
[Result "1/2-1/2"]
[WhiteElo "1851"]
[BlackElo "2016"]

1.e4 g6 2.d4 Bg7 3.Nc3 d6 4.Bc4 e6 5.Nge2 h6 6.O-O Ne7 7.Ng3 O-O 8.f4 d5
9.exd5 exd5 10.Bb3 Nbc6 11.Nce2 h5 12.h3 Na5 13.c3 Nxb3 14.axb3 f5 15.Kh2 h4
16.Nh1 Qd6 17.Nf2 g5 18.Nd3 g4 19.Ne5 Qh6 20.Qd3 Qh5  1/2-1/2

[Event "9th LGA Premium Cup"]
[Site "Nuernberg GER"]
[Date "2012.09.08"]
[Round "5.87"]
[White "Siegl,Melina"]
[Black "Felser,M"]
[Result "1/2-1/2"]
[WhiteElo "1788"]
[BlackElo "1869"]

1.e4 g6 2.d4 Bg7 3.Nc3 d6 4.Be3 Nf6 5.Bc4 Nbd7 6.Bb3 e5 7.Nf3 h6 8.dxe5 dxe5
9.h3 Qe7 10.Nd5 Nxd5 11.Qxd5 c6 12.Qc4 O-O 13.Rd1 Qf6 14.O-O Nb6 15.Qb4 Bxh3
16.Rd6 Be6 17.Bxe6 fxe6 18.Bxb6 axb6 19.Qxb6 Qf4 20.Rxe6 Qxe4 21.Qb3 Qd5
22.Nxe5 Qxb3 23.axb3 Bxe5 24.Rxe5 Ra2 25.Rb1 Rf7 26.Re4 Ra8 27.f3 Rd7 28.Re2 Kf7
29.Kf2 Rad8 30.Rbe1 Ra8 31.c3 Rad8 32.Re4 Rd2+ 33.R1e2 Rxe2+ 34.Kxe2 Kf6
35.g3  1/2-1/2

[Event "9th LGA Premium Cup"]
[Site "Nuernberg GER"]
[Date "2012.09.08"]
[Round "5.45"]
[White "Konsek,P"]
[Black "Lorscheid,G"]
[Result "0-1"]
[WhiteElo "2075"]
[BlackElo "2254"]

1.e4 d6 2.d4 g6 3.Nc3 Bg7 4.Be3 a6 5.a4 Nc6 6.h3 e5 7.Nf3 exd4 8.Nxd4 Bd7
9.Bc4 Nf6 10.O-O O-O 11.Nde2 Re8 12.Ng3 Ne5 13.Be2 Bc6 14.Nd5 Ned7 15.Bf3 h6
16.Bd4 Nc5 17.Re1 Nxa4 18.Nb4 Bd7 19.b3 c5 20.Bxf6 Bxf6 21.Nd5 Nc3 22.Nxf6+ Qxf6
23.Qd2 Qe5 24.Qxh6 Bc6 25.h4 Nb5 26.h5 Qg7 27.Qf4 Re5 28.Rad1 Rae8 29.hxg6 fxg6
30.Rd3 d5 31.Rde3 d4 32.Rd3 Bd7 33.Nf1 Nc3 34.Nh2 g5 35.Qg3 Nxe4 36.Bxe4 Rxe4
37.Rxe4 Rxe4 38.Qb8+ Be8 39.Ng4 Qe7 40.Rh3 Rxg4  0-1

[Event "9th LGA Premium Cup"]
[Site "Nuernberg GER"]
[Date "2012.09.08"]
[Round "5.28"]
[White "Zwahr,P"]
[Black "Hirn,O"]
[Result "0-1"]
[WhiteElo "2320"]
[BlackElo "2217"]

1.e4 d6 2.d4 g6 3.Nc3 Bg7 4.f4 a6 5.Nf3 b5 6.Bd3 Nd7 7.e5 c5 8.Ne4 cxd4 9.exd6 Ngf6
10.Nxd4 Bb7 11.Qe2 O-O 12.Nxf6+ Bxf6 13.dxe7 Bh4+ 14.g3 Bxe7 15.O-O Nc5 16.Nf3 Nxd3
17.cxd3 Bc5+ 18.Be3 Re8 19.d4 Bxf3 20.Rxf3 Rxe3 21.Rxe3 Qxd4  0-1

[Event "9th LGA Premium Cup"]
[Site "Nuernberg GER"]
[Date "2012.09.08"]
[Round "5.15"]
[White "Paehtz,T sr"]
[Black "Heimrath,R"]
[Result "0-1"]
[WhiteElo "2430"]
[BlackElo "2205"]

1.e4 g6 2.d4 Bg7 3.Nc3 d6 4.f4 a6 5.Nf3 e6 6.Be3 Ne7 7.Qd2 Nd7 8.Bd3 Nf6
9.h3 b5 10.g4 Bb7 11.g5 b4 12.gxf6 bxc3 13.bxc3 Bxf6 14.Rb1 Bc8 15.h4 h5
16.c4 Bg7 17.O-O O-O 18.Qa5 d5 19.c5 dxe4 20.Bxe4 Nd5 21.Bd2 Ra7 22.c6 Nf6
23.Bd3 Ng4 24.Qc5 Ra8 25.f5 gxf5 26.Bf4 f6 27.Bc4 Kh8 28.Rfe1 Re8 29.Qa5 Re7
30.Rb7 e5 31.dxe5 Nxe5 32.Nxe5 fxe5 33.Qd2 Qxd2 34.Bxd2 Bxb7 35.cxb7 Rb8
36.Rb1 Rd7 37.Be3 c5 38.Bxa6 Bf8 39.a4 f4 40.Bf2 e4 41.Be1 Bg7 42.c3 Be5
43.Kf1 Kg7 44.Ke2 Kf6 45.Bf2 f3+ 46.Kf1 Rbd8 47.Bxc5 Rd1+ 48.Rxd1 Rxd1+ 49.Kf2 Kf5
50.Ba7 Rd2+ 51.Ke1 Rd8 52.Kf2 Kf4 53.Be3+ Kg4 54.Bg5 Rd1 55.b8=Q e3+ 56.Bxe3 Bxb8
57.Bc8+ Kxh4 58.a5 Rd3 59.a6 Rxc3 60.Bb7 Ra3 61.Bc8 Rxe3 62.Kxe3 Kg3 63.Kd2 h4
64.Ke3 Ba7+ 65.Ke4 f2  0-1

[Event "11th Kesarovski-Stanchev Mem"]
[Site "Sunny Beach BUL"]
[Date "2012.09.08"]
[Round "8.4"]
[White "Yarmysty,M"]
[Black "Doncea,V"]
[Result "0-1"]
[WhiteElo "2363"]
[BlackElo "2404"]

1.e4 g6 2.d4 Bg7 3.Nc3 d6 4.Be3 a6 5.a4 b6 6.g3 Bb7 7.Bg2 Nd7 8.Nge2 Ngf6
9.h3 O-O 10.O-O e5 11.d5 a5 12.Qd2 Nc5 13.g4 Ba6 14.Rfe1 Re8 15.Ng3 Qe7 16.Bf1 Bxf1
17.Rxf1 Nfd7 18.Kg2 Na6 19.Nb5 Ndc5 20.f3 Rec8 21.Nc3 Nb4 22.Rad1 Qe8 23.b3 Qe7
24.Rf2 Rf8 25.h4 f6 26.h5 Kf7 27.Qe2 Qd7 28.Qc4 Rg8 29.Nb5 Bf8 30.c3 Nba6
31.Kh2 Be7 32.h6 Rgc8 33.b4 Nb7 34.Qb3 Kg8 35.Kh3 Kh8 36.Na3 Nd8 37.bxa5 Nc5
38.Bxc5 bxc5 39.Nc4 Rcb8 40.Qa2 Nf7 41.Rff1 Nxh6 42.Qc2 Rf8 43.Kg2 f5 44.exf5 gxf5
45.Rh1 Bg5 46.Rxh6 Bxh6 47.Nxf5 Bf4 48.Rh1 Rf7 49.Rh5 Rb8 50.Rh1 Rbf8 51.Rh5 Rb8
52.Rh1 Rg8 53.Rh5 Qc8 54.Qb1 Qa8 55.Qd3 Qb7 56.a6 Qb3 57.a7 Qa2+ 58.Kf1 Qxa4
59.Nh4 Qa1+ 60.Kg2 Qa2+ 61.Kf1 Bg3 62.Nd2 Bxh4 63.Rxh4 Qxa7 64.Kg2 Qa2 65.Kg3 Qa1
66.Kg2 Qe1 67.Rh1 Rxg4+ 68.fxg4 Rf2+ 69.Kg3 Rf1+  0-1

[Event "11th Kesarovski-Stanchev Mem"]
[Site "Sunny Beach BUL"]
[Date "2012.09.08"]
[Round "8.17"]
[White "Ivanov,StojanL"]
[Black "Berezovics,A"]
[Result "1/2-1/2"]
[WhiteElo "2303"]
[BlackElo "2199"]

1.e4 d6 2.d4 g6 3.Nc3 Bg7 4.Be3 c6 5.Qd2 Nd7 6.Nf3 b5 7.Bd3 Qc7 8.O-O Ngf6
9.Bh6 O-O 10.Rfe1 e5 11.dxe5 dxe5 12.a4 b4 13.Nd1 c5 14.Bxg7 Kxg7 15.Ne3 Bb7
16.Nc4 Rad8 17.Qe3 Rfe8 18.Nfd2 Nf8 19.Nf3 Re7 20.a5 Ba8 21.a6 N6d7 22.Bf1 Ne6
23.c3 f6 24.Nfd2 Nb8 25.Nb3 Red7 26.Ra5 bxc3 27.bxc3 Nc6 28.Nxc5 Nxc5 29.Rxc5 Qb8
30.Na5 Nxa5 31.Rxa5 Qb2 32.Rb5 Qa3 33.Rbb1 Rc7 34.Rbc1 Rdd7 35.Red1 Qa4 36.f3 Qa3
37.Rd3 Qe7 38.Rcd1 Bc6 39.R3d2 Ba4  1/2-1/2

[Event "6th Hum na Sutli Open"]
[Site "Hum na Sutli CRO"]
[Date "2012.09.10"]
[Round "4.3"]
[White "Zaja,I"]
[Black "Mihalincic,T"]
[Result "1-0"]
[WhiteElo "2505"]
[BlackElo "2264"]

1.d4 g6 2.e4 Bg7 3.Nc3 d6 4.f4 c6 5.Nf3 Bg4 6.Be3 d5 7.e5 Nh6 8.h3 Nf5 9.Bf2 Bxf3
10.Qxf3 h5 11.g4 hxg4 12.hxg4 Rxh1 13.Qxh1 Nh6 14.Be2 Qb6 15.O-O-O Na6 16.f5 Kd7
17.f6 exf6 18.exf6 Bf8 19.g5 Nf5 20.Qh7 Ke8 21.Bxa6 Qc7 22.Re1+ Kd8 23.Qg8 Qf4+
24.Be3 Qd6 25.Bxb7 Rb8 26.Qxf7 Qb4 27.Bf4  1-0

[Event "Caissa GM Sept 2012"]
[Site "Kecskemet HUN"]
[Date "2012.09.15"]
[Round "1.1"]
[White "Gupta,B"]
[Black "Sax,G"]
[Result "1/2-1/2"]
[WhiteElo "2218"]
[BlackElo "2451"]

1.e4 g6 2.d4 Bg7 3.Nc3 d6 4.f4 c6 5.Nf3 Bg4 6.Be3 Qb6 7.Qd2 Bxf3 8.gxf3 Nd7
9.O-O-O Qa5 10.Kb1 O-O-O 11.Bh3 Kb8 12.f5 Ngf6 13.Bh6 Bxh6 14.Qxh6 gxf5 15.Bxf5 e6
16.Bh3 Qh5 17.Qxh5 Nxh5 18.Ne2 Rhg8 19.Kc1 Rg6  1/2-1/2

[Event "TCh-NED Meesterklasse 2012-13"]
[Site "Netherland NED"]
[Date "2012.09.15"]
[Round "1.2"]
[White "Van Kampen,R"]
[Black "Cuijpers,F"]
[Result "1/2-1/2"]
[WhiteElo "2572"]
[BlackElo "2445"]

1.e4 g6 2.d4 Bg7 3.Nc3 d6 4.Be3 Nf6 5.Qd2 c6 6.Bh6 Bxh6 7.Qxh6 Qa5 8.Bd3 c5
9.d5 Nbd7 10.Nf3 c4 11.Bxc4 Qc5 12.Bd3 Qxf2+ 13.Kxf2 Ng4+ 14.Kg3 Nxh6 15.Rhe1 O-O
16.e5 Nc5 17.Bf1 Bg4 18.exd6 exd6 19.Nb5 a6 20.Nbd4 Rfe8 21.Kf4 Bxf3 22.Nxf3 f6
23.h4 Nf7 24.b4 Na4 25.Re6 Nc3 26.Bc4 Ne5 27.Nxe5 dxe5+ 28.Ke3 Rxe6 29.dxe6 Kf8
30.h5 g5 31.a4 Rd8 32.Ra3 Nd1+ 33.Ke2 Nb2 34.Bb3 f5 35.Ra1 Rd4 36.Rf1 f4
37.c3 Re4+ 38.Kd2 Nc4+ 39.Bxc4 Rxc4 40.Kd3 Rc6 41.Ke4 Ke7 42.Kxe5 Rxe6+ 43.Kf5  1/2-1/2

[Event "zt 3.5 China Men 2012"]
[Site "Beijing CHN"]
[Date "2012.09.16"]
[Round "4.1"]
[White "Lu Shanglei"]
[Black "Liu Qingnan"]
[Result "1-0"]
[WhiteElo "2542"]
[BlackElo "2491"]

1.e4 d6 2.d4 g6 3.Nc3 Bg7 4.Be3 a6 5.a4 e5 6.dxe5 Bxe5 7.Nf3 Bg7 8.Bc4 Nc6
9.Bg5 Nf6 10.e5 dxe5 11.Qxd8+ Kxd8 12.O-O-O+ Ke8 13.Rhe1 Be6 14.Nxe5 Nxe5
15.Bxe6 fxe6 16.Rxe5 Rf8 17.Rxe6+ Kf7 18.Re3 Rad8 19.Rxd8 Rxd8 20.Rf3 Rd4
21.Be3 Rc4 22.Nd5 Ke6 23.b3 Rc6 24.Nf4+ Kd7 25.Bd4 Bh6 26.Kb2 Ne4 27.Nd3 Ng5
28.Ne5+ Ke8 29.Re3 Re6 30.Ng4 Rxe3 31.fxe3 Bf8 32.Kc3 h5 33.Nf6+ Kf7 34.Nd7 Bd6
35.Ne5+ Ke6 36.Nxg6 Bxh2 37.Nf4+ Bxf4 38.exf4 Ne4+ 39.Kd3 Kf5 40.Ke3 c6 41.a5 Nd6
42.Be5 Nf7 43.Bg7 Nd8 44.Bf8 Ne6 45.Bd6 Ng7 46.Be5 Ne6 47.Kf3 Nf8 48.Kg3 Ng6
49.b4 Ke4 50.Bd6 Kf5 51.c4 Nh8 52.Kh4 Nf7 53.Bc7 Nh6 54.Kxh5 Ng4 55.g3 Ne3
56.c5 Ng4 57.Bd6 Nf2 58.Kh6 Ne4 59.g4+ Kxg4 60.Kg6 Ng3 61.Kf6 Nf5 62.Be5 Ne3
63.Ke6 Nf5 64.Kd7 Ne3 65.Kc8 Nd5 66.b5 cxb5 67.Kxb7 b4 68.c6 b3 69.c7  1-0

[Event "zt 3.5 China Men 2012"]
[Site "Beijing CHN"]
[Date "2012.09.20"]
[Round "11.1"]
[White "Zeng,C"]
[Black "Liu Qingnan"]
[Result "1/2-1/2"]
[WhiteElo "2463"]
[BlackElo "2491"]

1.e4 d6 2.d4 g6 3.Nc3 Bg7 4.f4 a6 5.Nf3 b5 6.Bd3 Bb7 7.e5 Nd7 8.Be3 e6 9.a4 b4
10.Ne4 Ne7 11.exd6 Nf5 12.dxc7 Qxc7 13.Bd2 O-O 14.c3 Nb6 15.Nc5 bxc3 16.bxc3 Bxf3
17.Qxf3 Nxd4 18.cxd4 Bxd4 19.Nxa6 Rxa6 20.Rc1 Qa7 21.Bxa6 Qxa6 22.a5 Nd5
23.Qe4 Qa7 24.Ke2 Rb8 25.Rb1 Rxb1 26.Rxb1 Bc3 27.Qd3 Qxa5 28.Rb5 Bxd2 29.Rxa5 Bxa5
30.g3 Bc3 31.Kf3 h5 32.Qa6 Bf6 33.Ke4 Kg7 34.Qa7 Ne7 35.Qb7 Nf5 36.Kd3 Nh6
37.h3 Ng8 38.Kc4 e5 39.f5 gxf5 40.Qf3 Kg6 41.Kd5 e4 42.Qe3 Nh6 43.Kd6 Kg7
44.Kd7 Kg6 45.Ke8 Kg7 46.Qc5 Kg6 47.Qb6 Kg7 48.Qd6 Bc3 49.Qd5 Bf6 50.g4 hxg4
51.hxg4 fxg4 52.Qxe4 Bg5 53.Qe5+ Kg6 54.Kf8 f5 55.Qe8+ Kf6 56.Qc6+ Ke5 57.Kg7 Be3
58.Kg6 Kd4 59.Kf6 Bf4 60.Qe6 Kd3 61.Kg6 Be3 62.Qd5+ Ke2 63.Qg2+ Kd3 64.Kh5 Bf4
65.Qf2 Ke4 66.Kh4 Be3 67.Qg2+ Ke5 68.Qe2 Kf4 69.Kh5 Ke4 70.Qg2+ Ke5 71.Kg6 Bf4
72.Qe2+ Kd4 73.Kf6 Be3 74.Ke6 Ke4 75.Qg2+ Kf4 76.Kf6 g3 77.Kg6 Ng4 78.Qd5 Ne5+
79.Kf6 Ng4+ 80.Kg6  1/2-1/2

[Event "Dnepropetrovsk Autumn A"]
[Site "Dnepropetrovsk UKR"]
[Date "2012.09.21"]
[Round "6"]
[White "Gritsayeva,O"]
[Black "Eidelson,R"]
[Result "1/2-1/2"]
[WhiteElo "2319"]
[BlackElo "2184"]

1.e4 d6 2.d4 g6 3.Nc3 Bg7 4.Nf3 c6 5.Be2 b5 6.O-O b4 7.Nb1 Nf6 8.e5 dxe5
9.Nxe5 O-O 10.a3 bxa3 11.Nxa3 Nd5 12.Bf3 e6 13.Re1 Bb7 14.Nac4 a5 15.c3 Qc7
16.Qb3 Bc8 17.Rxa5 Rxa5 18.Nxa5 c5 19.Bd2 Bxe5 20.dxe5 Nd7 21.c4 Nb4 22.Bxb4 cxb4
23.Nc6 Bb7 24.Nxb4 Bxf3 25.Qxf3 Nxe5 26.Qc3 Ng4 27.h3 Qh2+ 28.Kf1 Nh6 29.Qg3 Qxg3
30.fxg3 Rb8 31.Nd3 Rb3 32.Ke2 Nf5 33.Kd2 Kf8 34.g4 Nd4 35.Ra1 Nc6 36.Ra8+ Ke7
37.Rc8 Kd6 38.c5+ Kd7 39.Rf8 Ke7 40.Rc8 Kd7 41.Rh8 e5 42.Rxh7 Ke7 43.g5 e4
44.Nf4 e3+ 45.Kc1 Ke8 46.Rh8+ Kd7 47.Rf8 Ke7 48.Ra8 Rb5 49.Nd5+ Kd7 50.b4 Nxb4
51.Ra7+ Kc6 52.Nxb4+ Rxb4 53.Rxf7 Kxc5 54.Rf3 Rb3 55.Kc2 Ra3 56.Rf6 Kd4 57.Rf4+ Ke5
58.Rf6 Kd4 59.g3 e2 60.Kd2 Ra2+  1/2-1/2

[Event "TCh-VIE 2012"]
[Site "Ho Chi Minh City VIE"]
[Date "2012.09.21"]
[Round "1.4"]
[White "Le Huu Thai"]
[Black "Hoang Canh Huan"]
[Result "1/2-1/2"]
[WhiteElo "2050"]
[BlackElo "2395"]

1.e4 g6 2.d4 Bg7 3.Nc3 d6 4.Be3 a6 5.a4 Nd7 6.Qd2 b6 7.Bc4 Bb7 8.Nge2 e6
9.O-O Ngf6 10.Ng3 d5 11.exd5 exd5 12.Ba2 O-O 13.Bg5 c6 14.h4 Re8 15.Rae1 Nf8
16.Nce2 Ne6 17.c3 a5 18.Bb1 Ba6 19.Bd3 Bxd3 20.Qxd3 Nxg5 21.hxg5 Ng4 22.f4 Re3
23.Qd2 f5 24.Rf3 Re8 25.Nc1 Rxe1+ 26.Qxe1 c5 27.Qe6+ Kh8 28.Nge2 Qe8 29.Qxb6 Rb8
30.Qxc5 Rxb2 31.Qxd5 h5 32.gxh6 Bxh6 33.Qc4 Rd2 34.Qb3 Kh7 35.Qb7+ Kh8 36.Qb3 Qe7
37.c4 Qh4 38.d5 Qh2+ 39.Kf1 Qh1+ 40.Ng1 Nh2+ 41.Ke1 Rxg2 42.Qb8+ Kh7 43.Qc7+ Kg8
44.Qc8+ Bf8 45.Qe6+ Kg7 46.Qd7+ Kg8 47.Qe6+ Kg7  1/2-1/2

[Event "TCh-SRB Prem w 2012"]
[Site "Valjevo SRB"]
[Date "2012.09.21"]
[Round "5.2"]
[White "Vuksanovic,Sanja"]
[Black "Drljevic,L"]
[Result "1-0"]
[WhiteElo "2234"]
[BlackElo "2177"]

1.e4 d6 2.d4 g6 3.Nc3 Bg7 4.Be3 a6 5.Qd2 b5 6.Bd3 Nf6 7.a4 b4 8.Nce2 a5 9.Bh6 Bxh6
10.Qxh6 e5 11.dxe5 dxe5 12.Nf3 Qe7 13.h3 Bb7 14.Ng3 Nbd7 15.O-O O-O-O 16.Rfd1 Nc5
17.Qe3 h5 18.Nd2 h4 19.Ne2 g5 20.f3 Nfd7 21.Nc4 Nxd3 22.cxd3 Ba6 23.Rac1 Qc5
24.Qxc5 Nxc5 25.Nxe5 Nxd3 26.Nxd3 Bxd3 27.Kf2 b3 28.Rc5 f6 29.Rxa5 Kb7 30.Ke3 Kb6
31.Rf5 Bc2 32.Rd4 Rxd4 33.Nxd4 Rd8 34.Rxf6+ Kb7 35.Rf7 Kb6 36.Rf5 Ka6 37.Rxg5 Bd1
38.Rc5 Kb6 39.Rb5+ Ka6 40.Nxb3 Rg8 41.Nc5+ Ka7 42.Kd2  1-0

[Event "TCh-SRB Prem 2012"]
[Site "Valjevo SRB"]
[Date "2012.09.21"]
[Round "5.2"]
[White "Martic,I SRB"]
[Black "Sredojevic,I"]
[Result "1-0"]
[WhiteElo "2389"]
[BlackElo "2407"]

1.e4 d6 2.d4 g6 3.Nc3 Bg7 4.Be3 a6 5.Qd2 b5 6.a4 b4 7.Nd1 Nf6 8.f3 a5 9.c3 bxc3
10.bxc3 O-O 11.Bh6 e5 12.h4 exd4 13.h5 dxc3 14.Nxc3 Be6 15.Nge2 Nc6 16.hxg6 fxg6
17.Bxg7 Kxg7 18.Qh6+ Kg8 19.Nf4 Qe7 20.Nxe6 Qxe6 21.Nd5 Rf7 22.Bc4 Kh8 23.Nxf6 Qxf6
24.Bxf7 Qxa1+ 25.Kf2 Qd4+ 26.Kg3 Qe5+ 27.f4 Qc3+ 28.Kg4 Qg7 29.Qxg7+ Kxg7
30.Bd5 Ra6 31.Rc1 Ne7 32.Rxc7 Kf8 33.Be6 Rc6 34.Rb7 Rc5 35.f5 gxf5+ 36.exf5 Re5
37.Kg5 h6+ 38.Kf6 Ng8+ 39.Kg6 Ne7+ 40.Kf6 Ng8+ 41.Bxg8 Kxg8 42.Kg6 Kf8 43.Rb8+  1-0

[Event "Vladivostok Russian Cup 2012"]
[Site "Vladivostok RUS"]
[Date "2012.09.22"]
[Round "6.15"]
[White "Vitinik,M"]
[Black "Balashov,Y"]
[Result "0-1"]
[WhiteElo "2216"]
[BlackElo "2455"]

1.e4 d6 2.d4 g6 3.Nc3 Bg7 4.Be3 c6 5.Qd2 b5 6.a3 Qa5 7.Nf3 Nd7 8.Be2 Bb7
9.O-O Qc7 10.d5 a6 11.dxc6 Bxc6 12.Nd4 Ngf6 13.Nxc6 Qxc6 14.Rfe1 Rc8 15.Bd4 O-O
16.Rac1 e6 17.Bf3 Qc7 18.Rcd1 Rfd8 19.Qg5 h6 20.Qh4 Ne5 21.Be2 g5 22.Qh3 Qe7
23.Qg3 Nc4 24.Bxc4 Rxc4 25.e5 dxe5 26.Bxe5 Rxd1 27.Rxd1 Ne4 28.Nxe4 Rxe4
29.Bxg7 Kxg7 30.Qd3 Rc4 31.c3 Qc5 32.Re1 Rf4 33.Re3 Rf5 34.Qe4 Rd5 35.Re2 Rd1+
36.Re1 Rd2 37.Re2 Qf5 38.g4 Qxe4 39.Rxe4 Rxb2 40.c4 b4 41.c5 bxa3 42.Ra4 a2
43.Kg2 Rb4 44.Rxa2 Rxg4+ 45.Kf3 Rc4 46.Rxa6 Rxc5 47.Ra3 Kg6 48.Rb3 Rc4 49.Ra3 h5
50.h3 g4+ 51.hxg4 hxg4+ 52.Kg3 Kg5 53.Re3 Kf5  0-1

[Event "TCh-VIE 2012"]
[Site "Ho Chi Minh City VIE"]
[Date "2012.09.23"]
[Round "4.8"]
[White "Pham,X"]
[Black "Dinh Duc Trong"]
[Result "0-1"]
[WhiteElo "2244"]
[BlackElo "2363"]

1.d4 g6 2.e4 Bg7 3.Nc3 d6 4.Nf3 Nd7 5.Bc4 e6 6.Bg5 Ne7 7.Qd2 h6 8.Be3 a6
9.Bb3 b6 10.O-O-O Bb7 11.Kb1 Nf6 12.d5 exd5 13.Bxd5 Nexd5 14.exd5 Qd7 15.Rhe1 O-O-O
16.h3 Rde8 17.Qd3 Re7 18.Qc4 b5 19.Qb3 Rhe8 20.Rd3 Ne4 21.Nxe4 Rxe4 22.Red1 Qf5
23.Nd2 Ra4 24.a3 Qe5 25.Nf3 Qe4 26.Re1 Qc4 27.Nd2 Qxb3 28.Nxb3 f5 29.Red1 f4
30.Bd2 Rae4 31.Na5 Ba8 32.g3 fxg3 33.fxg3 h5 34.Rf1 Kd7 35.b3 Rf8 36.Rxf8 Bxf8
37.Rf3 Be7 38.c4 bxc4 39.bxc4 c6 40.dxc6+ Bxc6 41.Nxc6 Kxc6 42.Rc3 Bf6 43.Rc1 Be5
44.Bf4 Bxf4 45.gxf4 Rxf4 46.Rg1 Rxc4 47.Kb2 Rh4 48.Rg3 g5 49.Rxg5 Rxh3 50.Rg8 h4
51.Ra8 Kb5 52.Rb8+ Ka5 53.Rd8 Rd3 54.Kc2 Rxa3 55.Rxd6 h3 56.Rh6 Rg3 57.Rh5+ Kb4
58.Rh4+ Kc5 59.Ra4 Kb5 60.Rh4 a5 61.Rh5+ Kc6  0-1

[Event "Tatry Open 2012"]
[Site "Tatranske Zruby SVK"]
[Date "2012.09.23"]
[Round "1.47"]
[White "Klein,Gern"]
[Black "Kotlowski,T"]
[Result "0-1"]
[WhiteElo "1963"]
[BlackElo "2034"]

1.e4 g6 2.d4 d6 3.Nc3 Bg7 4.Bg5 Nf6 5.Qd2 c6 6.f4 b5 7.Bd3 O-O 8.Nf3 b4 9.Ne2 a5
10.O-O Ba6 11.Kh1 c5 12.e5 c4 13.exf6 exf6 14.Bxc4 Bxc4 15.Bh4 Qb6 16.b3 Ba6
17.Rfe1 f5 18.Rad1 Bb7 19.Neg1 Nd7 20.Re7 Nf6 21.Bxf6 Bxf6 22.Re3 Qc7 23.c4 d5
24.Ne5 dxc4 25.bxc4 Bxe5 26.Rxe5 Qxc4 27.Rc1 Qa6 28.Ne2 Rac8 29.Rec5 Rxc5
30.dxc5 Qf6 31.Qd4 Qe6 32.Qd2 Rc8 33.Nd4 Qd5 34.Nb3 a4 35.Qxd5 Bxd5 36.Nd4 Bxa2
37.Nb5 b3 38.Na3 b2 39.Rc3 b1=Q+ 40.Nxb1 Bxb1 41.Kg1 Be4 42.Kf2 Kf8 43.g3 Ke7
44.Ke3 Ra8 45.Ra3 Kd7 46.Kd4 Kc6 47.Kc4 Bd5+ 48.Kd4 Bb3 49.Ra1 a3 50.Kc3 Bd5
51.Kb4 a2  0-1

[Event "TCh-SRB Prem 2012"]
[Site "Valjevo SRB"]
[Date "2012.09.23"]
[Round "7.2"]
[White "Sedlak,N"]
[Black "Ivkov,B"]
[Result "1/2-1/2"]
[WhiteElo "2538"]
[BlackElo "2420"]

1.d4 g6 2.e4 Bg7 3.Nc3 d6 4.Be3 a6 5.Nf3 b5 6.Bd3 Bb7 7.Ne2 Nd7 8.Ng3 Ngf6
9.O-O c5 10.c3 Ng4 11.Bg5 h6 12.Bd2 O-O 13.h3 Ngf6 14.a4 e5 15.d5 c4 16.Bc2 Nc5
17.Be3 Qc7 18.Qd2 h5 19.Ra3 Nfd7 20.Bh6 Qd8 21.Rfa1 Bxh6 22.Qxh6 Qf6 23.h4 Rfb8
24.R1a2 Qg7 25.Qc1 Qf8 26.Qg5 Qd8 27.Qh6 Qf8 28.Qg5 Qd8 29.Qh6  1/2-1/2

[Event "TCh-SRB Prem w 2012"]
[Site "Valjevo SRB"]
[Date "2012.09.24"]
[Round "8.5"]
[White "Milanovic,Ma"]
[Black "Drljevic,L"]
[Result "0-1"]
[WhiteElo "1971"]
[BlackElo "2177"]

1.e4 d6 2.d4 g6 3.Nc3 Bg7 4.f4 Nf6 5.Nf3 O-O 6.Bd3 Na6 7.O-O c5 8.d5 Rb8
9.Bc4 Nd7 10.Qe2 Nb6 11.Bb3 Bg4 12.h3 Bxf3 13.Rxf3 Rc8 14.a4 c4 15.Ba2 Nb4
16.a5 Nd7 17.Bxc4 Nxc2 18.Qxc2 Rxc4 19.Be3 a6 20.Qd3 Rb4 21.Ra2 Qc7 22.Na4 Rc8
23.Rf1 Qc4 24.Qxc4 Rcxc4 25.Nc3 Rb3 26.Rc1 Bxc3 27.Rxc3 Rcxc3 28.bxc3 Nf6
29.Ra4 Rxc3 30.Bf2 Rb3 31.Rc4 h6 32.Bb6 g5 33.fxg5 hxg5 34.Rc7 Nxe4 35.Rxb7 Nc3
36.Rxe7 Nxd5 37.Re8+ Kh7 38.Bf2 Rb5 39.Be1 Nf4 40.Ra8 Rb1 41.Rxa6 Rxe1+ 42.Kf2 Ra1
43.Rxd6 Rxa5 44.Kf3 Ne6 45.Kg4 Kg6  0-1

[Event "30th Balaton Open"]
[Site "Heviz HUN"]
[Date "2012.09.25"]
[Round "3.3"]
[White "Ruck,T"]
[Black "Csala,Im"]
[Result "1-0"]
[WhiteElo "2296"]
[BlackElo "2198"]

1.e4 g6 2.d4 Bg7 3.Nc3 d6 4.Be3 c6 5.Qd2 b5 6.a4 b4 7.Nd1 Nf6 8.f3 a5 9.c3 Na6
10.Bd3 O-O 11.Ne2 e5 12.O-O Qe7 13.Nf2 Re8 14.Bg5 Qf8 15.Rae1 Nd7 16.Be3 c5
17.Bb5 bxc3 18.bxc3 cxd4 19.cxd4 Nb4 20.Rc1 Rd8 21.d5 Nc5 22.Bxc5 dxc5 23.Rc4 Bd7
24.Bxd7 Rxd7 25.Qc3 Na2 26.Qa3 Nb4 27.Qc3 Na2 28.Qb3 Nb4 29.Nc3 Bh6 30.Nb5 Rc8
31.Ng4 Bg7 32.Ne3 Bh6 33.Ng4 Bg7 34.Nf2 Bh6 35.Rd1 f5 36.d6 Qf7 37.Qc3 Be3
38.exf5 gxf5 39.Qxe3 Qxc4 40.Qg5+ Kf8 41.Qxf5+ Qf7 42.Qxe5 Qg7 43.Ng4 Re8
44.Qxc5 Kg8 45.Nd4 Kh8 46.Nf5 Qb2 47.Ngh6 Nd3 48.Qd4+ Qxd4+ 49.Nxd4 Re1+
50.Rxe1 Nxe1 51.Nhf5 Nd3 52.g4 Ne5 53.Kg2 Nc4 54.Nb5 Nb6 55.Nc3 Rd8 56.Kg3 Rc8
57.Nb5 Rc4 58.Nfd4 Rxa4 59.Kf4 Rb4 60.Ke5 a4 61.f4 Kg8 62.g5 Kf7 63.h4 Rb1
64.h5 Rh1 65.Kf5 Rxh5 66.Nc6 Rh4 67.Ne5+ Ke8 68.Nd3 Rh3 69.Ke4  1-0